Prickly and soft animals / (Record no. 7149)
[ view plain ]
| 000 -LEADER | |
|---|---|
| fixed length control field | 01320cam a22003734a 4500 |
| 001 - CONTROL NUMBER | |
| control field | 7149 |
| 003 - CONTROL NUMBER IDENTIFIER | |
| control field | FISKH |
| 005 - DATE AND TIME OF LATEST TRANSACTION | |
| control field | 20250827093053.0 |
| 008 - FIXED-LENGTH DATA ELEMENTS--GENERAL INFORMATION | |
| fixed length control field | 990518s1999 wiua a 001 0 eng |
| 010 ## - LIBRARY OF CONGRESS CONTROL NUMBER | |
| LC control number | 99033300 |
| 020 ## - INTERNATIONAL STANDARD BOOK NUMBER | |
| International Standard Book Number | 0836824601 (lib. bdg.) |
| 020 ## - INTERNATIONAL STANDARD BOOK NUMBER | |
| International Standard Book Number | 9781899762224 |
| 040 ## - CATALOGING SOURCE | |
| Original cataloging agency | DLC |
| Transcribing agency | DLC |
| Language of cataloging | eng |
| 050 ## - LIBRARY OF CONGRESS CALL NUMBER | |
| Classification number | PZ7 |
| 082 ## - DEWEY DECIMAL CLASSIFICATION NUMBER | |
| Classification number | 591 |
| 100 ## - MAIN ENTRY--PERSONAL NAME | |
| Personal name | Carwardine, Mark |
| 245 10 - TITLE STATEMENT | |
| Title | Prickly and soft animals / |
| Statement of responsibility, etc. | illustrated by Martin Camm, John Francis, and Dick Twinney. |
| 250 ## - EDITION STATEMENT | |
| Edition statement | This edition published in 1997 |
| 260 ## - PUBLICATION, DISTRIBUTION, ETC. | |
| Place of publication, distribution, etc. | London : |
| Name of publisher, distributor, etc. | Ilex Publisher Limited, |
| Date of publication, distribution, etc. | 1988 |
| 300 ## - PHYSICAL DESCRIPTION | |
| Extent | 24 pages : |
| Other physical details | color illustrations ; |
| Dimensions | 19 cm |
| 490 1# - SERIES STATEMENT | |
| Series statement | Animal opposites |
| 505 ## - FORMATTED CONTENTS NOTE | |
| Formatted contents note | G<br/> |
| 520 ## - SUMMARY, ETC. | |
| Summary, etc. | Introduces ten animals that can be distinguished by how they feel to the touch, including the porcupine, galago, spiny anteater, chinchilla, stickleback, llama, hedgehog, giant panda, tenrec, and rabbit. |
| 521 8# - TARGET AUDIENCE NOTE | |
| Target audience note | 300<br/> |
| Source | Lexile estimate<br/> |
| 521 8# - TARGET AUDIENCE NOTE | |
| Target audience note | G<br/><br/> |
| Source | Raz-Plus<br/> |
| 650 #0 - SUBJECT ADDED ENTRY--TOPICAL TERM | |
| Topical term or geographic name entry element | Animals |
| Form subdivision | Miscellanea |
| -- | Juvenile literature. |
| 650 #1 - SUBJECT ADDED ENTRY--TOPICAL TERM | |
| Topical term or geographic name entry element | Animals. |
| 700 1# - ADDED ENTRY--PERSONAL NAME | |
| Personal name | Camm, Martin, |
| Relator term | illustrator |
| 700 1# - ADDED ENTRY--PERSONAL NAME | |
| Personal name | Francis, John, |
| Dates associated with a name | 1942- |
| Relator term | illustrator |
| 700 1# - ADDED ENTRY--PERSONAL NAME | |
| Personal name | Twinney, Dick, |
| Relator term | illustrator |
| 906 ## - LOCAL DATA ELEMENT F, LDF (RLIN) | |
| a | 7 |
| b | cbc |
| c | orignew |
| g | y-gencatlg |
| d | 1 |
| e | ocip |
| f | 19 |
| 942 ## - ADDED ENTRY ELEMENTS (KOHA) | |
| Source of classification or shelving scheme | Dewey Decimal Classification |
| Koha item type | Books |
| Suppress in OPAC | No |
| Withdrawn status | Lost status | Source of classification or shelving scheme | Damaged status | Not for loan | Collection | Home library | Current library | Shelving location | Date acquired | Total Checkouts | Full call number | Barcode | Date last seen | Copy number | Price effective from | Koha item type |
|---|---|---|---|---|---|---|---|---|---|---|---|---|---|---|---|---|
| Dewey Decimal Classification | Non-Fiction | Footprints International School Library Network Toul Kork Campus | Footprints International School Library Network Toul Kork Campus | TK Primary Library Room(4th Floor), Bookcase 7, Shelves 57-60, Dark Green Books | 06/30/2025 | CAR 591 PZ7 | FISBK00419 | 06/30/2025 | 1 | 06/30/2025 | Books | |||||
| Dewey Decimal Classification | Non-Fiction | Footprints International School Library Network Toul Tom Poung Campus | Footprints International School Library Network Toul Tom Poung Campus | TTP Primary Green Bookshelves | 08/27/2025 | CAR 591 PZ7 | FISBK00498 | 08/27/2025 | 2 | 08/27/2025 | Books |
